| 000 | 00453nam a22001697a 4500 | ||
|---|---|---|---|
| 003 | GBCCL | ||
| 005 | 20251125112227.0 | ||
| 008 | 251125b |||||||| |||| 00| 0 eng d | ||
| 040 | _cGBC | ||
| 082 |
_a266 _bJOH 1 |
||
| 100 | _aJohn, C V | ||
| 245 |
_aGod's heart for global mission : _ba call to live beyond yourself |
||
| 260 |
_aBangalore : _bEquipping indigenous ministries, _c2023 |
||
| 300 | _a157p. | ||
| 650 | _aMissions | ||
| 942 |
_2ddc _cBK _n0 |
||
| 999 |
_c11071 _d11071 |
||